LEADER 00860nam a2200217 i 4500 001 000000008869 003 CaOOAMICUS 005 20180830125439.0 008 180830s2001 it u000 u ita u 040 $aSeMil$bita 100 1 $aMagnani, Giovanni .$0(OLS)http://semarc/name/89651 245 10$aReligione e religioni /$cGiovanni Magnani. 260 $aRoma :$bPontificia Università Gregoriana,$c2001. 300 $a2 v. ;$c21 cm. 500 $aFondo Card. C.M. Martini. 650 4$aReligioni.$0(OLS)http://semarc/subject/1099 774 0 $tMonoteismo.$z88-7652-900-4$g[2$w()110086 774 0 $tDalla monolatria al monoteismo profetico.$z88-7652-898-9$g[1$w()110133 941 1 $a4 996 $6245$aReligione e religioni$9(OLS)http://semarc/title/11732 996 $6260$aRoma :$bPontificia Università Gregoriana$9(OLS)http://semarc/publisher/29750 LEADER 00972nam a2200229 i 4500 001 000000073624 003 CaOOAMICUS 005 20250901094434.0 008 131021s1841 be u000 u fre u 040 $aSeMil$bita 100 1 $aCousin, Victor,$d<1792-1867>.$0(OLS)http://semarc/name/5524 245 10$aDe l'instruction secondaire dans le Royaume de Prusse /$cpar M. V. Cousin. 260 $aBruxelles :$bSociété Belge de Librairie,$c1841$f(Imp. de Hauman & C.) 300 $a229, 36 p. ;$c17 cm. 500 $aLa seconda numerazione di pagine contiene: Extrait du catalogue 850 $aSeMil 852 $aSeMil$W1$xVenegono$y1$m2R I 76 FA$j39776$B39776$CSeMilBibl$Z2$F39780 $8I 941 1 $a10 961 $aRecupero: Mantegazza 996 $6245$aDe l'instruction secondaire dans le Royaume de Prusse$9(OLS)http://semarc/title/118878 996 $6260$aBruxelles :$bSociété Belge de Librairie$9(OLS)http://semarc/publisher/30903